Southeast Asian water environment. (Record no. 47413)
[ view plain ]
| 000 -LEADER | |
|---|---|
| fixed length control field | 01482nam a2200373 i 4500 |
| ISBN | 9781780404967 (e-book) |
| 245 00 - TITLE STATEMENT | |
| Title | Southeast Asian water environment. |
| 300 ## - PHYSICAL DESCRIPTION | |
| Number of Pages | 1 online resource (256 pages) : |
| Other physical details | illustrations, maps |
| 650 #0 - SUBJECT ADDED ENTRY--TOPICAL TERM | |
| Topical Term | Water |
| Topical Term | Drinking water |
| Topical Term | Biodiversity. |
| Topical Term | Ecology. |
| 700 1# - ADDED ENTRY--PERSONAL NAME | |
| Personal name | Yamamoto, K., |
| 856 40 - ELECTRONIC LOCATION AND ACCESS | |
| Uniform Resource Identifier | http://site.ebrary.com/lib/rucke/Doc?id=10881622 |
| 264 #1 - | |
| -- | London : |
| -- | IWA Publishing, |
| -- | 2014. |
| 336 ## - | |
| -- | text |
| -- | rdacontent |
| 337 ## - | |
| -- | computer |
| -- | rdamedia |
| 338 ## - | |
| -- | online resource |
| -- | rdacarrier |
| 588 ## - | |
| -- | Description based on online resource; title from PDF title page (ebrary, viewed June 27, 2014). |
No items available.
